书目信息 |
| 题名: |
国际海底地名研究资料编译
|
|
| 作者: | 许启大 主编 ;民政部 编译 | |
| 分册: | ||
| 出版信息: | 北京 中国社会出版社 2013 |
|
| 页数: | 431页 | |
| 开本: | 26cm | |
| 丛书名: | 海底地名研究丛书 | |
| 单 册: | ||
| 中图分类: | P72 | |
| 科图分类: | ||
| 主题词: | 海底--地名--研究--世界 , 海底 , 地名 | |
| 电子资源: | ||
| ISBN: | 978-7-5087-4237-3 | |
| 000 | 00979oam2 2200277 450 | |
| 001 | 2333738527 | |
| 005 | 20231130092233.75 | |
| 010 | @a978-7-5087-4237-3@dCNY98.00 | |
| 100 | @a20130620d2013 em y0chiy50 ea | |
| 101 | 0 | @achi |
| 102 | @aCN@b110000 | |
| 105 | @ay z 000yy | |
| 200 | 1 | @a国际海底地名研究资料编译@Aguo ji hai di di ming yan jiu zi liao bian yi@f中国地名研究所编译 |
| 210 | @a北京@c中国社会出版社@d2013 | |
| 215 | @a431页@d26cm | |
| 225 | 2 | @a海底地名研究丛书 |
| 330 | @a本书将中国地名研究所从2005年以来联合相关单位开展的海底地名专项研究工作中收集的部分资料编译整理成书,书中包含了国际海底地名小组委员会第十四次到二十二次会议的资料、《海底地名标准化》(B6)文件等。 | |
| 461 | 0 | @12001 @a海底地名研究丛书 |
| 606 | 0 | @a海底@x地名@x研究@y世界 |
| 606 | 0 | @a海底 |
| 606 | 0 | @a地名 |
| 690 | @aP72@v5 | |
| 701 | 0 | @a许启大@Axu qi da@4主编 |
| 712 | 02 | @a民政部@Amin zheng bu@b地名研究所@4编译 |
| 801 | 0 | @aCN@b山东中教@c20231126 |
| 905 | @aBZT@dP72@e7 | |
| 国际海底地名研究资料编译/中国地名研究所编译.-北京:中国社会出版社,2013 |
| 431页;26cm.-(海底地名研究丛书) |
| ISBN 978-7-5087-4237-3:CNY98.00 |
| 本书将中国地名研究所从2005年以来联合相关单位开展的海底地名专项研究工作中收集的部分资料编译整理成书,书中包含了国际海底地名小组委员会第十四次到二十二次会议的资料、《海底地名标准化》(B6)文件等。 |
| ● |
| 相关链接 |
|
|
|
正题名:国际海底地名研究资料编译
索取号:P72/7
 
预约/预借
| 序号 | 登录号 | 条形码 | 馆藏地/架位号 | 状态 | 备注 |
| 1 | 2001229393 | 2001229393 | 东辅楼二楼书库/ [索取号:P72/7] | 在馆 | |
| 2 | 2001229394 | 2001229394 | 东辅楼二楼书库/ [索取号:P72/7] | 在馆 | |
| 3 | 2001229395 | 2001229395 | 东辅楼二楼书库/ [索取号:P72/7] | 在馆 | |
| 4 | 2001229396 | 2001229396 | 东辅楼二楼书库/ [索取号:P72/7] | 在馆 | |
| 5 | 2001229397 | 2001229397 | 东辅楼二楼书库/ [索取号:P72/7] | 在馆 | |
| 6 | 2001229398 | 2001229398 | 东辅楼二楼书库/ [索取号:P72/7] | 在馆 | |
| 7 | 2001229399 | 2001229399 | 东辅楼二楼书库/ [索取号:P72/7] | 在馆 | |
| 8 | 2001229400 | 2001229400 | 东辅楼二楼书库/ [索取号:P72/7] | 在馆 | |
| 9 | 2001229401 | 2001229401 | 东辅楼二楼书库/ [索取号:P72/7] | 在馆 | |
| 10 | 2001229402 | 2001229402 | 东辅楼二楼书库/ [索取号:P72/7] | 在馆 | |
| 11 | 2001229403 | 2001229403 | 东辅楼二楼书库/ [索取号:P72/7] | 在馆 | |
| 12 | 2001229404 | 2001229404 | 东辅楼二楼书库/ [索取号:P72/7] | 在馆 | |
| 13 | 2001229405 | 2001229405 | 东辅楼二楼书库/ [索取号:P72/7] | 在馆 | |
| 14 | 2001229406 | 2001229406 | 东辅楼二楼书库/ [索取号:P72/7] | 在馆 | |
| 15 | 2001229407 | 2001229407 | 东辅楼二楼书库/ [索取号:P72/7] | 在馆 | |
| 16 | 2001229408 | 2001229408 | 东辅楼二楼书库/ [索取号:P72/7] | 在馆 | |
| 17 | 2001229409 | 2001229409 | 东辅楼二楼书库/ [索取号:P72/7] | 在馆 | |
| 18 | 2001229410 | 2001229410 | 东辅楼二楼书库/ [索取号:P72/7] | 在馆 | |
| 19 | 2001229411 | 2001229411 | 东辅楼二楼书库/ [索取号:P72/7] | 在馆 | |
| 20 | 2001229412 | 2001229412 | 东辅楼二楼书库/ [索取号:P72/7] | 在馆 | |
| 21 | 2001229413 | 2001229413 | 东辅楼二楼书库/ [索取号:P72/7] | 在馆 | |
| 22 | 2001229414 | 2001229414 | 东辅楼二楼书库/ [索取号:P72/7] | 在馆 | |
| 23 | 2001229415 | 2001229415 | 东辅楼二楼书库/ [索取号:P72/7] | 在馆 | |
| 24 | 2001229416 | 2001229416 | 东辅楼二楼书库/ [索取号:P72/7] | 在馆 | |
| 25 | 2001229417 | 2001229417 | 东辅楼二楼书库/ [索取号:P72/7] | 在馆 | |
| 26 | 2001229418 | 2001229418 | 东辅楼二楼书库/ [索取号:P72/7] | 在馆 | |
| 27 | 2001229419 | 2001229419 | 东辅楼二楼书库/ [索取号:P72/7] | 在馆 | |
| 28 | 2001229420 | 2001229420 | 东辅楼二楼书库/ [索取号:P72/7] | 在馆 | |
| 29 | 2001229421 | 2001229421 | 东辅楼二楼书库/ [索取号:P72/7] | 在馆 | |
| 30 | 2001229422 | 2001229422 | 东辅楼二楼书库/ [索取号:P72/7] | 在馆 |